| 000 | 00000nam 2200000zi 4500 |
| 001 | 9.906196 |
| 003 | CaOODSP |
| 005 | 20230223151503 |
| 006 | m o d f |
| 007 | cr cn||||||||| |
| 008 | 211220s2022 qucbo o f000 0 fre d |
| 020 | |a9780660413600 |
| 040 | |aCaOODSP|bfre|erda|cCaOODSP |
| 043 | |an-cn-bc |
| 086 | 1 |aR64-563/2022F-PDF |
| 245 | 00|aRandonnée et camping - Parc national du Mont-Revelstoke. |
| 264 | 1|a[Gatineau, Québec] : |bParcs Canada = Parks Canada, |c[2022] |
| 300 | |a1 ressource en ligne (2 pages non numérotées) : |bcartes en couleur, photographies en couleur |
| 336 | |atexte|btxt|2rdacontent/fre |
| 337 | |ainformatique|bc|2rdamedia/fre |
| 338 | |aressource en ligne|bcr|2rdacarrier/fre |
| 500 | |aTitre de départ. |
| 500 | |aPublié aussi en anglais sous le titre : Hiking & camping - Mount Revelstoke National Park. |
| 520 | |a« L'aventure vous attend au parc national du Mont-Revelstoke, un joyau caché à un jet de pierre de la Transcanadienne, près de la ville de Revelstoke. Promenez-vous dans une forêt ancienne, des marais luxuriants et des prés fleuris; faites une balade à vélo en famille; ou détendez-vous sur une chaise rouge et profitez du panorama. À une courte distance de marche de votre voiture, vous pouvez atteindre le sommet de la montagne ou vous mettre au défi de faire une randonnée jusqu'à un magnifique lac alpin » -- Page [1]. |
| 530 | |aÉgalement publié en version imprimée. |
| 651 | 6|aParc national du Mont-Revelstoke (C.-B.)|vGuides. |
| 655 | 7|aGuides et manuels|2rvmgf |
| 710 | 2 |aParcs Canada, |eorganisme de publication. |
| 775 | 08|tHiking & camping - Mount Revelstoke National Park.|w(CaOODSP)9.906194 |
| 776 | 0#|tRandonnée et camping - Parc national du Mont-Revelstoke.|w(CaOODSP)9.906197 |
| 795 | |tRandonnée et camping - Parc national du Mont-Revelstoke.|w(CaOODSP)9.900318 |
| 856 | 40|qPDF|s2.27 Mo|uhttps://publications.gc.ca/collections/collection_2023/pc/R64-563-2022-fra.pdf |